000 00859nam a2200229Ia 4500
003 GCL
005 20240530105059.0
008 140319s9999 xx 000 0 ara d
040 _aGCL /
_cGCL
082 0 4 _a723.1
_bق/م د
100 1 _aمصطفى عبدالله شيحة
245 1 0 _aدراسات فى العمارة والفنون القبطية /
_cمصطفى عبدالله شيحة
260 _a[S.N] :
_bهيئة الاثار المصرية
300 _a364 ص ؛
_c24 سم
490 _aسلسلة الثقافة الاثرية والتاريخية : مشروع المئة كتاب
_v11
490 _aنحو وعى حضارى معاصر
650 0 4 _aالاديرة القبطية
650 0 4 _aالعصر القبطى (642-284)
650 0 4 _aالكنائس
_yمصر
700 1 _aهيئة الاثار المصرية
942 _2ddc
_cBK
999 _c52997
_d52997